[Event "Pan American-ch U20"]
[Site "Cali"]
[Date "2005.10.19"]
[Round "7"]
[White "Rodriguez, Edward"]
[Black "Escobar Barona, Juan Fernando"]
[Result "0-1"]
[WhiteElo "1800"]
[BlackElo "1800"]
[PlyCount "70"]
[EventDate "2005.10.16"]
[EventType "swiss"]
[EventRounds "9"]
[EventCountry "COL"]
[SourceTitle "EXT 2007"]
[Source "ChessBase"]
[SourceDate "2006.11.23"]
[SourceVersion "1"]
[SourceVersionDate "2006.11.23"]
[SourceQuality "1"]

1. c4 e6 2. Nf3 Nf6 3. g3 c5 4. Bg2 Be7 5. 0-0 0-0 6. d3 d6 7. Bg5 Nc6 8. Bxf6 Bxf6 9. Nc3 a6 10. Rb1 Qc7 11. a3 Bd7 12. Qc2 Nd4 13. Nxd4 Bxd4 14. b4 cxb4 15. axb4 Bc6 16. Bxc6 bxc6 17. e3 Bf6 18. Ne4 Be7 19. Ra1 Rfc8 20. c5 d5 21. Nc3 Bf6 22. d4 e5 23. Na4 Rcb8 24. Nb6 Ra7 25. Qd3 exd4 26. exd4 g6 27. Ra4 Re8 28. Rxa6 Rxa6 29. Qxa6 Bxd4 30. Rd1 Qe5 31. Nd7 Bxf2+ 32. Kxf2 Qf5+ 33. Kg2 Qxd7 34. Qc4 Qf5 35. Qf1 Qe4+ 0-1

[Event "Pan American-ch U20"]
[Site "Cali"]
[Date "2005.10.16"]
[Round "1"]
[White "Arenas Vanegas, David"]
[Black "Rodriguez, Edward"]
[Result "1-0"]
[WhiteElo "1894"]
[BlackElo "1800"]
[PlyCount "81"]
[EventDate "2005.10.16"]
[EventType "swiss"]
[EventRounds "9"]
[EventCountry "COL"]
[SourceTitle "EXT 2007"]
[Source "ChessBase"]
[SourceDate "2006.11.23"]
[SourceVersion "1"]
[SourceVersionDate "2006.11.23"]
[SourceQuality "1"]

1. e4 c5 2. Nf3 e6 3. d3 Nc6 4. g3 Nf6 5. Bg2 Be7 6. 0-0 d6 7. Re1 0-0 8. Nbd2 d5 9. e5 Nd7 10. Nf1 Qc7 11. Bf4 b5 12. h4 Bb7 13. N1h2 Kh8 14. Ng4 Nd4 15. Ng5 Qd8 16. c4 Rc8 17. Ne3 h6 18. Qh5 Kg8 19. cxd5 hxg5 20. Be4 f5 21. hxg5 Bxg5 22. Bxg5 Qe8 23. Qxe8 Rcxe8 24. dxe6 Nxe6 25. Bxb7 Nxg5 26. f4 Ne6 27. Bc6 Re7 28. Bxb5 Nd4 29. Bc4+ Kh7 30. Kf2 Nb6 31. Rac1 Rc7 32. b4 Nxc4 33. Rxc4 Ne6 34. Rec1 Kg6 35. bxc5 Rd8 36. R1c3 Nd4 37. Ng2 Nb5 38. Rb3 Nd4 39. Ra3 Rd5 40. Ra6+ Kf7 41. Rd6 1-0